Schnelle Mathematik - Potenzrechnen Level 09 - Statistiken

Allgemein
  • Dieses Quiz wurde 96 mal gespielt
  • Das Durchschnittsergebnis liegt bei 34 aus 60
Antwortstatistiken
Zahl Ergebnis % Korrekt
1⁰ 1
72%
1
72%
1
69%
1
69%
3⁰ 1
69%
4
69%
5
69%
8
69%
81
66%
0
62%
1
62%
1
62%
1⁰ 1
62%
1
62%
2⁰ 1
62%
9⁰ 1
62%
2
62%
27
62%
0
59%
1
59%
1
59%
1
59%
6⁰ 1
59%
8⁰ 1
59%
2⁴ 16
59%
3
59%
2⁵ 32
59%
7
59%
9
59%
1⁰ 1
55%
1⁰ 1
55%
1
55%
1
55%
1
55%
4⁰ 1
55%
10¹ 10
55%
10² 100
55%
36
55%
4
55%
64
55%
8
55%
0
52%
1
52%
1
52%
1⁰ 1
52%
1
52%
1
52%
5⁰ 1
52%
7⁰ 1
52%
10⁰ 1
52%
10³ 1000
52%
16
52%
25
52%
49
52%
6
52%
9
52%
1
48%
1⁰ 1
48%
125
45%
64
41%
Keine übereinstimmenden Quizze gefunden
Verteilung der Resultate
Anzahl Personen mit jedem Resultat
Perzentil nach korrekt beantworteten Fragen
Ihre Resultats-Entwicklung
Sie haben dieses Quiz noch nicht gespielt